000 00523nam a2200193 a 4500
001 000024955
005 20200930023454.0
008 110208s1988 sp r 000 0 spa d
020 _a8485823516
040 _aDO-SdBNP
_bspa
_cBNPHU
082 _ann*
_bnn*
100 1 _aParkinson de Saz, Sara M.
_943445
245 1 0 _aVerbos con particula /
_cSara M. Parkinson de Saz.
260 _aMadrid :
_bEmpeño,
_c1988.
300 _a213 p. ;
_c24 cm.
490 1 _aEmpeño.
_v14
830 0 _aEmpeño
_v14
_951217
049 _aBNGR
999 _c24448
_d24448